Normal view
MARC view
Entry Personal Name
001 - CONTROL NUMBER
- control field: 530077
003 - CONTROL NUMBER IDENTIFIER
- control field:
005 - DATE AND TIME OF LATEST TRANSACTION
- control field: 20210602171839.0
008 - FIXED-LENGTH DATA ELEMENTS
- fixed length control field: 210602|| aca||aabn | a|a d
040 ## - CATALOGING SOURCE
- Original cataloging agency:
- Transcribing agency:
100 ## - HEADING--PERSONAL NAME
- Personal name: Earle-Bridges, Michele
670 ## - SOURCE DATA FOUND
- Source citation: Work cat.: (): Jones, Darolyn 530076, Painless reading comprehension/, 2007
